000 00258nam a2200109Ia 4500
008 220217s9999||||xx |||||||||||||| ||und||
100 _aTofel
_95784
245 0 _aTofel IBT
260 _aTofel
_bNew Delhi
_c2008
300 _b249
650 _aGENERAL BOOKS
999 _c176933
_d176933